Länder, denen Italien den Krieg erklärte - Statistiken

Allgemein
  • Dieses Quiz wurde 62 mal gespielt
  • Das Durchschnittsergebnis liegt bei 11 aus 16
Antwortstatistiken
Country % Korrekt
Frankreich
95%
Österreich-Ungarn
95%
Sowjetunion
95%
Kaisertum Österreich
93%
Vereinigte Staaten
91%
Vereinigtes Königreich
90%
Deutschland
88%
Zweite Spanische Republik
81%
Osmanisches Reich
78%
Griechenland
71%
Jugoslawien
67%
Königreich Albanien
57%
Kaiserreich Abessinien
47%
Bulgarien
41%
Kirchenstaat
33%
Liechtenstein
16%
Keine übereinstimmenden Quizze gefunden
Verteilung der Resultate
Anzahl Personen mit jedem Resultat
Perzentil nach korrekt beantworteten Fragen
Ihre Resultats-Entwicklung
Sie haben dieses Quiz noch nicht gespielt